000 01679cam a2200361 i 4500
001 015710998
003 EG-ScBUE
005 20241008144740.0
008 101206s1999 nyua f b 001 0 eng d
020 _a9781441931870 (pbk.)
040 _aStDuBDS
_beng
_erda
_cStDuBDS
_dEG-ScBUE
082 0 4 _a515.35
_bBEN
_222
100 1 _aBender, Carl M.,
_d1943-
_eauthor.
_939582
245 1 0 _aAdvanced mathematical methods for scientists and engineers :
_basymptotic methods and perturbation theory /
_cCarl M. Bender, Steven A. Orszag.
250 _a1st ed.
264 _aNew York ;
_aLondon :
_bSpringer Science+Business Media,
_c1999.
300 _axiv, 593 pages :
_billustrations ;
_c24 cm
336 _2rdacontent
_atext
_btxt
337 _aunmediated
_2rdamedia
_bn
338 _avolume
_bnc
_2rdacarrier
500 _aOriginally published: New York : McGraw-Hill, 1978.
504 _aIncludes bibliographical references and index.
520 _aPresents the methods of asymptotics and perturbation theory and explains how to use these methods to obtain approximate analytical solutions to differential and difference equations. This book teaches the insights and problem-solving skills that are most useful in solving mathematical problems arising in the course of modern research.
650 7 _aDifferential equations
_xNumerical solutions.
_2BUEsh
_936429
650 7 _aDifference equations
_xNumerical solutions.
_2BUEsh
650 7 _aEngineering mathematics.
_2BUEsh
_93194
650 7 _aScience
_xMathematics.
_2BUEsh
651 _2BUEsh
653 _bENGGEN
_cMarch2016
655 _vReading book
_934232
700 1 _aOrszag, Steven A.,
_eauthor.
942 _2ddc
_cBB
999 _c21440
_d21412